<?xml version="1.0" encoding="UTF-8"?>
<record
    xmlns:xsi="http://www.w3.org/2001/XMLSchema-instance"
    xsi:schemaLocation="http://www.loc.gov/MARC21/slim http://www.loc.gov/standards/marcxml/schema/MARC21slim.xsd"
    xmlns="http://www.loc.gov/MARC21/slim">

  <leader>02112nam a2200349   4500</leader>
  <controlfield tag="001">43</controlfield>
  <controlfield tag="003">OSt</controlfield>
  <controlfield tag="005">20250528074010.0</controlfield>
  <controlfield tag="008">250122b        |||||||e |||| 00| 1 eng d</controlfield>
  <datafield tag="040" ind1=" " ind2=" ">
    <subfield code="b">por</subfield>
  </datafield>
  <datafield tag="041" ind1=" " ind2=" ">
    <subfield code="h">fre</subfield>
    <subfield code="a">por</subfield>
  </datafield>
  <datafield tag="082" ind1=" " ind2=" ">
    <subfield code="a">843</subfield>
    <subfield code="b">B198m</subfield>
  </datafield>
  <datafield tag="100" ind1="1" ind2=" ">
    <subfield code="a">Balzac, Honor&#xE9; de,</subfield>
    <subfield code="d">1799-1850</subfield>
    <subfield code="9">121</subfield>
  </datafield>
  <datafield tag="240" ind1=" " ind2=" ">
    <subfield code="a">La Femme de trente ans</subfield>
  </datafield>
  <datafield tag="245" ind1=" " ind2=" ">
    <subfield code="a">A mulher de trinta anos /</subfield>
    <subfield code="c">Balzac, Honor&#xE9; de ; Tradu&#xE7;&#xE3;o de Casimiro Fernandes e Wilson Lousada ;  Apresenta&#xE7;&#xE3;o de Paulo R&#xF3;nai</subfield>
  </datafield>
  <datafield tag="260" ind1=" " ind2=" ">
    <subfield code="a">S&#xE3;o Paulo</subfield>
    <subfield code="b">Abril</subfield>
    <subfield code="c">1985</subfield>
  </datafield>
  <datafield tag="300" ind1=" " ind2=" ">
    <subfield code="a">203 p.</subfield>
  </datafield>
  <datafield tag="490" ind1="1" ind2=" ">
    <subfield code="a">Grandes Romancistas</subfield>
  </datafield>
  <datafield tag="520" ind1=" " ind2=" ">
    <subfield code="a">Antes de Emma Bovary, antes de Anna Kari&#xEA;nina, existiu Julie. Contrariando os conselhos do pai, ela julga-se apaixonada e decide se casar ainda muito jovem com um coronel do ex&#xE9;rcito napole&#xF4;nico. Em pouqu&#xED;ssimo tempo, descobre-se infeliz no casamento e na maternidade, presa a obriga&#xE7;&#xF5;es que n&#xE3;o pretende abandonar. A isso se seguem as paix&#xF5;es por outros homens, e anuncia-se o destino tr&#xE1;gico da protagonista. Mas A mulher de trinta anos n&#xE3;o &#xE9; a hist&#xF3;ria particular de Julie, e sim a de algu&#xE9;m em quem convergem as contradi&#xE7;&#xF5;es do que representava ser mulher no s&#xE9;culo XIX e, por extens&#xE3;o, as contradi&#xE7;&#xF5;es da pr&#xF3;pria sociedade moderna. Com sua reputa&#xE7;&#xE3;o de grande conhecedor do cora&#xE7;&#xE3;o feminino, Balzac, que deveu sua forma&#xE7;&#xE3;o &#xE0;s diversas mulheres mais velhas com quem se relacionou, aponta neste livro para a profundidade da alma que s&#xF3; pode vir da experi&#xEA;ncia. Esta edi&#xE7;&#xE3;o do mais famoso texto de Cenas da vida privada, subdivis&#xE3;o de A com&#xE9;dia humana, traz uma introdu&#xE7;&#xE3;o da escritora, ensa&#xED;sta e cr&#xED;tica liter&#xE1;ria Eliane Robert Moraes.</subfield>
  </datafield>
  <datafield tag="650" ind1=" " ind2="0">
    <subfield code="a">Literatura francesa</subfield>
    <subfield code="9">122</subfield>
  </datafield>
  <datafield tag="650" ind1=" " ind2="0">
    <subfield code="a">Amor e Paix&#xE3;o</subfield>
    <subfield code="9">25</subfield>
  </datafield>
  <datafield tag="650" ind1=" " ind2="0">
    <subfield code="a">Cl&#xE1;ssicos</subfield>
    <subfield code="9">77</subfield>
  </datafield>
  <datafield tag="650" ind1=" " ind2="0">
    <subfield code="a">Hist&#xF3;rico</subfield>
    <subfield code="9">53</subfield>
  </datafield>
  <datafield tag="650" ind1=" " ind2="0">
    <subfield code="a">Emponderamento </subfield>
    <subfield code="9">32</subfield>
  </datafield>
  <datafield tag="655" ind1=" " ind2="0">
    <subfield code="a">Romance</subfield>
    <subfield code="9">23</subfield>
  </datafield>
  <datafield tag="655" ind1=" " ind2="0">
    <subfield code="a">Fic&#xE7;&#xE3;o </subfield>
    <subfield code="9">22</subfield>
  </datafield>
  <datafield tag="700" ind1=" " ind2=" ">
    <subfield code="a">Casimiro Fernandes</subfield>
    <subfield code="e">Tradutor</subfield>
    <subfield code="9">123</subfield>
  </datafield>
  <datafield tag="700" ind1=" " ind2=" ">
    <subfield code="a">Wilson Lousada</subfield>
    <subfield code="e">Tradutor</subfield>
    <subfield code="9">124</subfield>
  </datafield>
  <datafield tag="700" ind1=" " ind2=" ">
    <subfield code="a">Paulo R&#xF3;nai</subfield>
    <subfield code="e">Apresenta&#xE7;&#xE3;o</subfield>
    <subfield code="9">125</subfield>
  </datafield>
  <datafield tag="830" ind1=" " ind2=" ">
    <subfield code="a">Grandes Romancistas</subfield>
    <subfield code="9">126</subfield>
  </datafield>
  <datafield tag="942" ind1=" " ind2=" ">
    <subfield code="2">ddc</subfield>
    <subfield code="n">0</subfield>
    <subfield code="c">BK</subfield>
  </datafield>
  <datafield tag="952" ind1=" " ind2=" ">
    <subfield code="0">0</subfield>
    <subfield code="1">0</subfield>
    <subfield code="2">ddc</subfield>
    <subfield code="4">0</subfield>
    <subfield code="7">0</subfield>
    <subfield code="8">FIC</subfield>
    <subfield code="a">BIBIB</subfield>
    <subfield code="b">BIBIB</subfield>
    <subfield code="c">LE</subfield>
    <subfield code="d">2001-03-29</subfield>
    <subfield code="e">doa&#xE7;&#xE3;o</subfield>
    <subfield code="l">0</subfield>
    <subfield code="o">843 / B198m</subfield>
    <subfield code="p">2025-11604</subfield>
    <subfield code="r">2025-01-20 08:34:18</subfield>
    <subfield code="w">2025-01-20</subfield>
    <subfield code="y">BK</subfield>
  </datafield>
  <datafield tag="999" ind1=" " ind2=" ">
    <subfield code="c">43</subfield>
    <subfield code="d">43</subfield>
  </datafield>
</record>
